Circuits de Formule 1 - Statistiques

Statistiques générales
  • Ce quiz a été pris 111 fois
  • Le résultat moyen est 11 sur 20
Statistiques - réponses
Par images Réponse % Correct
Circuit de Monaco - Monaco
85%
Circuit de Monza - Monza
85%
Circuit de Spa-Francorchamps - Francorchamps
74%
Circuit de Suzuka - Suzuka
65%
Circuit urbain de Singapour - Singapour
64%
Circuit urbain de Bakou - Bakou
63%
Autodrome international de Miami - Miami Gardens
59%
Circuit de Silverstone - Silverstone
57%
Circuit des Amériques - Austin
56%
Circuit de Catalogne - Montmeló
54%
Circuit de l'Albert Park - Albert Park
52%
Circuit José Carlos Pace d'Interlagos - São Paulo
52%
Circuit Gilles-Villeneuve - Montréal
49%
Circuit de Zandvoort - Zandvoort
48%
Circuit de Zeltweg - Zeltweg
46%
Circuit Yas Marina - Abou Dabi
42%
Circuit des frères Rodriguez - Mexico
40%
Hungaroring - Mogyoród
40%
Circuit international de Sakhir - Sakhir
36%
Circuit international de Losail - Losail
31%
Aucun quiz correspondant
Distribution des résultats
% des personnes avec chaque résultat
Percentile par nombre de réponses
Votre historique - résultats
Vous n’avez pas pris ce quiz